Special Requirements to Site Supervision and Project Management in an Architectural Heritage Environment in Slovakia

Bibliographic Details
Main Author: Makýš, Oto, 1962- (Author)
Format: Book
Language:English
PhysicalDescription:20 s. fotogr. 30 cm
Published: Bratislava Slovenská technická univerzita 2008
ISBN:9788022729161
Edition:1. vyd.
Subjects:

MARC

LEADER 00000nam a22000005a 4500
001 vtls009467230
003 SK-MaSNL
005 20260426002319.0
008 251104s2008 xo o f 000 0 eng
015 |a SNBE2009/03-00939 
020 |a 9788022729161  |q (brož.) 
040 |a SNK  |b slo  |c SNK  |e AACR2 
041 0 |a eng 
043 |a e-xo--- 
044 |a xo  |c SK 
072 7 |a 71  |x Územné plánovanie. Urbanizmus. Pamiatková starostlivosť  |2 konspekt 
080 |a 711  |2 2001 
080 |a 72  |2 2001 
080 |a 504  |2 2001 
080 |a (437.6)  |2 2001 
080 |a (048.8)  |2 2001 
100 1 |a Makýš, Oto,  |d 1962-  |4 aut  |9 199942 
245 1 0 |a Special Requirements to Site Supervision and Project Management in an Architectural Heritage Environment in Slovakia  |c Oto Makýš 
250 |a 1. vyd. 
260 |a Bratislava  |b Slovenská technická univerzita  |c 2008 
300 |a 20 s.  |b fotogr.  |c 30 cm 
366 |e 50 výtl. 
500 |a Názov z obalu 
500 |a Project Management of Design and Construction in Existing Context. European specific qualification - design and construction in existing context 
650 0 7 |a územné plánovanie  |2 SNKPH  |9 2641 
650 0 7 |a projektový manažment  |2 SNKPH  |9 937 
650 0 7 |a architektúra  |2 SNKPH  |9 722 
650 0 7 |a životné prostredie  |2 SNKPH  |9 786 
651 7 |a Slovensko  |2 SNKPH  |9 14231 
655 7 |a štúdie  |2 SNKPH  |9 57033 
919 |a 978-80-227-2916-1 
999 |c 915726  |d 917656 
952 |a SNK  |b SNK  |y PREZ  |7 0  |p 17A0608772  |o snkOSB 15379  |i snk2009/1411  |8 0  |0 0  |1 0  |4 0  |d 2009-01-30  |l 0  |r 2026-02-24 07:58:27  |w 2026-02-24 
952 |a SNK  |b SNK  |y VYP  |7 0  |p 17A0608771  |o snkOSB 15379 D1  |i snk2009/1412  |8 0  |0 0  |1 0  |4 0  |d 2009-01-30  |l 0  |r 2026-02-24 07:58:27  |w 2026-02-24